000 00752cam a2200229 i 4500
003 OSt
005 20251113110710.0
008
020 _a9781780576824 (Paperback)
040 _cNUST
_aNUST
_beng
_dNUST
_erda
050 _aGV1049.2.T68 FIF
100 1 _aFife, Graeme
_eAuthor
245 1 0 _aTour de France :
_bthe history, the legend, the riders /
_cGraeme Fife.
260 _aEdinburgh :
_bMainstream,
_c©1999.
300 _a584 pages :
_bIllustrations ;
_c24 cm.
336 _2rdacontent
_atext
_btxt
337 _2rdamedia
_aunmediated
_bn
338 _2rdacarrier
_avolume
_bnc
504 _a[ ]
650 _aThe legend, the riders.
942 _cBOOKS
_kGV
_mFIF
_2lcc
_hGV1049.2.T68 FIF
_n0
999 _c129412
_d129412